Statistics for Countries Closest to Denmark (in Danish - på dansk)

Click here to take the quiz!

General Stats

  • This quiz has been taken 271 times
    (267 since last reset)
  • The average score is 15 of 22

Answer Stats

km Land (country) miles % Correct
0Tyskland0
96%
110Norge68
96%
4Sverige2
95%
612Finland380
86%
200Holland124
85%
94Polen59
84%
450Belgien280
79%
296Rusland184
78%
587Frankrig365
78%
523Estland325
73%
651Østrig405
71%
385Letland239
71%
285Island177
67%
781Schweiz421
61%
421Tjekkiet251
60%
368Litauen229
55%
555Luxembourg345
54%
26Canada16
49%
554Hviderusland344
46%
656Slovakiet408
45%
678Ukraine416
43%
516Storbritannien320
39%

Score Distribution

Percentile by Number Answered

Percent of People with Each Score

Your Score History

You have not taken this quiz since the last reset